000 00418nam a2200181Ia 4500
001 9993
005 20260306161759.0
008 260306t2015||||xx |||||||||||||| ||spa||
041 _aESP
082 _aPE 869.56
_bP75
100 _aPollarolo, Giovanna
_eAUT
245 0 _aDos veces por semana
260 _c2015
300 _a385 páginas :
_c19 cm.
650 _aGEN
654 _aCHU
942 _cLIB
_dJUS
_fJUS
_2ddc
_n
999 _c9993
_d9993